00783nam a22001577a 4500008004000000050002000040111007700060245015500137250001200292260007100304300002800375440004900403504002100452650007500473711007700548140113t mx||||| |||| 00| 0 spa d04aF1306bM67 20061 aConcurso estatal de Dibujo, Cuento y Poesía.cMorelia, Mich.)d(2006 :00aMemoria del 3er. Concurso Estatal de dibujo, Cuento y poesía 2006: bcreando la equidad/ cGobierno del Estado de Michoacán, Instituto de la Mujer a1a. ed. aMorelia, Mich. México : bIntituto Michoacano de la Mujer,c2006 a107p. : bil. ; c21cm. 0aCiudadanía y participación democrática aIncluye índice 4aConcurso Dibujo, cuento y poesía vDiscursos, ensayos y conferencias2 aConcurso estatal de Dibujo, Cuento y Poesía.cMorelia, Mich.)d(2006 :